LEADER 01392nam 2200433 450 001 9910520087803321 005 20220906123511.0 010 $a981-16-4059-9 035 $a(MiAaPQ)EBC6840196 035 $a(Au-PeEL)EBL6840196 035 $a(CKB)20443418200041 035 $a(OCoLC)1292359162 035 $a(PPN)260307521 035 $a(EXLCZ)9920443418200041 100 $a20220906d2022 uy 0 101 0 $aeng 135 $aurcnu|||||||| 181 $ctxt$2rdacontent 182 $cc$2rdamedia 183 $acr$2rdacarrier 200 00$aBiochar and its application in bioremediation /$fedited by Riti Thapar Kapoor, Helen Treichel, Maulin P. Shah 210 1$aSingapore :$cSpringer,$d[2022] 210 4$dİ2022 215 $a1 online resource (477 pages) 311 08$aPrint version: Thapar Kapoor, Riti Biochar and Its Application in Bioremediation Singapore : Springer Singapore Pte. Limited,c2022 9789811640582 320 $aIncludes bibliographical references. 606 $aAgricultural wastes 615 0$aAgricultural wastes. 676 $a016.016 702 $aThapar Kapoor$b Riti 702 $aTreichel$b Helen 702 $aShah$b Maulin P. 801 0$bMiAaPQ 801 1$bMiAaPQ 801 2$bMiAaPQ 906 $aBOOK 912 $a9910520087803321 996 $aBiochar and its application in bioremediation$92912354 997 $aUNINA LEADER 02957nam 2200637Ia 450 001 9910777985103321 005 20200520144314.0 010 $a1-60780-083-7 035 $a(CKB)1000000000762276 035 $a(EBL)439423 035 $a(OCoLC)437138978 035 $a(SSID)ssj0000674492 035 $a(PQKBManifestationID)11409385 035 $a(PQKBTitleCode)TC0000674492 035 $a(PQKBWorkID)10660155 035 $a(PQKB)10605931 035 $a(Au-PeEL)EBL439423 035 $a(CaPaEBR)ebr10305907 035 $a(PPN)170212556 035 $a(MiAaPQ)EBC439423 035 $a(EXLCZ)991000000000762276 100 $a20091019d2009 uy 0 101 0 $aeng 135 $aur|n|---||||| 181 $ctxt 182 $cc 183 $acr 200 12$aA short course in international trade documentation$b[electronic resource] $ethe documents of exporting, importing, transportation and banking /$fEdward G. Hinkelman ; with contributions by Gilbert Mansergh 205 $a3rd ed. 210 $aPetaluma, CA $cWorld Trade Press$dc2009 215 $a1 online resource (194 p.) 225 1 $aThe short course in international trade series 300 $aDescription based upon print version of record. 311 $a1-60780-011-X 320 $aIncludes bibliographical references (p. 187). 320 $aIncludes web resources. 327 $aInternational Trade Documentation; Introduction; Table of Contents; Chapter 1: Introduction to Trade Documentation; Chapter 2: Issues Concerning Trade Documentation; Chapter 3: Introducing the Parties to International Trade Documentation; Chapter 4: Transaction Documents; Chapter 5: Transport Documents; Chapter 6: Export Documents; Chapter 7: Import Documents; Chapter 8: Banking Documents; Chapter 9: Special Documents; Chapter 10: Electronic Documents; Chapter 11: 50 Country Document Requirements; Chapter 12: Checklists for Key Documents; Chapter 13: Glossary; Chapter 14: Resources 330 $aA Short Course in International Trade Documentation describes the documentation requirements and procedures for exporting, importing, shipping, and banking. It includes a glossary, sample documents, document checklists and an index of document requirement 410 0$aShort course in international trade series. 517 3 $aDocuments of exporting, importing, transportation and banking 517 3 $aInternational trade documentation 606 $aBanks and banking, International 606 $aInternational trade 615 0$aBanks and banking, International. 615 0$aInternational trade. 676 $a382.068 676 $a382/.068 700 $aHinkelman$b Edward G.$f1947-$01128205 701 $aMansergh$b Gilbert$01473277 801 0$bMiAaPQ 801 1$bMiAaPQ 801 2$bMiAaPQ 906 $aBOOK 912 $a9910777985103321 996 $aA Short course in international trade documentation$93686354 997 $aUNINA LEADER 02252nam 2200613 a 450 001 9910778877103321 005 20230315171644.0 010 $a1-280-20389-7 010 $a9786610203895 010 $a0-309-57227-4 010 $a0-585-14407-9 035 $a(CKB)111004366660596 035 $a(OCoLC)44958559 035 $a(CaPaEBR)ebrary10056734 035 $a(SSID)ssj0000149045 035 $a(PQKBManifestationID)11150964 035 $a(PQKBTitleCode)TC0000149045 035 $a(PQKBWorkID)10237129 035 $a(PQKB)11391750 035 $a(MiAaPQ)EBC3376461 035 $a(Au-PeEL)EBL3376461 035 $a(CaPaEBR)ebr10056734 035 $a(CaONFJC)MIL20389 035 $a(OCoLC)923262965 035 $a(EXLCZ)99111004366660596 100 $a19910220d1991 ua 0 101 0 $aeng 135 $aurcn||||||||| 181 $ctxt$2rdacontent 182 $cc$2rdamedia 183 $acr$2rdacarrier 200 04$aThe Eruption of Nevado del Ruiz volcano, Colombia, South America, November 13, 1985 /$fprepared by Dennis S. Mileti [et al.] for Committee on Natural Disasters, Division of Natural Hazard Mitigation, Commission on Engineering and Technical Systems, National Research Council 210 1$aWashington, D.C. :$cNational Academy Press,$d1991. 215 $a1 online resource (123 pages) $cillustrations, maps 225 1 $aNatural disaster studies ;$vv. 4 300 $aSpine title: Nevado del Ruiz volcano. 311 0 $a0-309-04477-4 320 $aIncludes bibliographical references (p. 87-89). 410 0$aNatural disaster studies ;$v4. 606 $aLahars$zColombia$zRuiz, Nevado del, Region 606 $aVolcanic hazard analysis$zColombia$zRuiz, Nevado del, Region 607 $aRuiz, Nevado del (Colombia)$xEruption, 1985 615 0$aLahars 615 0$aVolcanic hazard analysis 676 $a363.3/495 701 $aMileti$b Dennis S$0503651 712 02$aNational Research Council (U.S.).$bCommittee on Natural Disasters. 801 0$bMiAaPQ 801 1$bMiAaPQ 801 2$bMiAaPQ 906 $aBOOK 912 $a9910778877103321 996 $aThe Eruption of Nevado del Ruiz volcano, Colombia, South America, November 13, 1985$93854627 997 $aUNINA